Places de France - Statistiques

Statistiques générales
  • Ce quiz a été pris 100 fois
    66 depuis la dernière actualisation
  • Le résultat moyen est 31 sur 86
Statistiques - réponses
Hint Réponse % Correct
Ile de France Paris
78%
Paris
78%
Paris
78%
Paris
78%
Paris
78%
Paris
78%
Paris
78%
Paris
78%
Nouvelle Aquitaine Bordeaux
74%
Bordeaux
74%
Bordeaux
74%
Auvergne Rhone Alpes Lyon
70%
Lyon
70%
Marseille
70%
Hauts de France Lille
69%
Place de la république
67%
Bretagne Rennes
67%
Strasbourg
67%
Strasbourg
67%
Occitanie Toulouse
67%
Montpellier
61%
Nice
61%
Provence Alpes Côte d'Azur Nice
61%
Place Bellecour
57%
Nancy
56%
Grand Est Nancy
56%
Place du Capitole
56%
Place de la Concorde
54%
Normandie Rouen
54%
Corse Bastia
52%
Place de la Bastille
52%
Place Stanislas
52%
Pays de la Loire Angers
48%
Bourgogne Franche Comté Dijon
48%
Place de l'Etoile
48%
Toulon
48%
Orleans
46%
Centre Val de Loire Tours
44%
Guyane Cayenne
41%
Place de la Nation
41%
Aix en Provence
39%
Clermont Ferrand
39%
Place de la Comédie
39%
Reims
39%
Place des Quinconces
37%
Besancon
31%
Place Massena
28%
Arras
24%
Grand Place
24%
Place de la Bourse
24%
Place de Jaude
22%
Place des Terreaux
22%
Place du Tertre
22%
Place Kléber
20%
Chambery
19%
Place des Vosges
19%
Esplanade Charles de Gaulle
17%
Place Denfert Rochereau
17%
Place de la Liberté
15%
Place du Parlement
13%
Place Saint Jean
13%
Place du Ralliement
11%
Place Jean Jaurès
11%
Place de la Libération
9%
Place de la Révolution
9%
Place Plumereau
9%
Place Carnot
7%
Place Des Eléphants
7%
Place Sainte Anne
7%
Charleville mézières
6%
Place des Lices
6%
Place du Martroi
6%
Place Gutenberg
6%
Place du Général de Gaulle
4%
Place du Vieux Marché
4%
Uzès
4%
Place aux herbes
2%
Place Crousillat
2%
Place d'Albertas
2%
Place de la Croix Rousse
2%
Place des Palmistes
2%
Place Drouet d'Erlon
2%
Place Ducale
2%
Place Rossetti
2%
Place Saint Nicolas
2%
Salon de Provence
2%
Aucun quiz correspondant
Distribution des résultats
% des personnes avec chaque résultat
Percentile par nombre de réponses
Votre historique - résultats
Vous n’avez pas pris ce quiz depuis la dernière actualisation